Všetko pre zábavu divákov Ostrovskij v Divadle A. Bagara

Bibliographic Details
Main Author: Jarábek, Mikuláš, 1943- (Author)
Format: Article
Language:Slovak
Subjects:

MARC

LEADER 00000nab a2200000 a 4500
001 vtls000070994
003 SK-MaSNL
005 20260303235317.0
008 150430c1980 xo 0 slo
015 |a SNBRB19rr/mm-uuuuu 
035 |a CL0081095 
040 |a SNKBUCL  |b slo  |c SNKBUCL  |e AACR2 
041 0 |a slo 
044 |a xo  |c SK 
080 |a 792.2  |2 1981 
100 1 |a Jarábek, Mikuláš,  |d 1943-  |4 aut  |9 170386 
245 1 0 |a Všetko pre zábavu divákov  |b Ostrovskij v Divadle A. Bagara  |c Mikuláš Jarábek 
600 1 7 |a Ostrovskij, Aleksandr Nikolajevič,  |d 1823-1886  |t Aj múdry schybí  |2 snkbucl  |9 1273879 
610 2 7 |a Divadlo Andreja Bagara v Nitre  |2 snkbucl  |9 32093 
655 7 |a recenzie  |2 snkbucl  |9 21907 
655 7 |a články z novín a časopisov  |2 snkbucl  |9 267496 
773 0 |t Pravda  |g Roč. 61, č. 268 (12. 11. 1980), s. 5 
850 |a Slovenská národná knižnica v Martine  |a MTA001 
852 |a SNK  |b KIS3GCP 
958 |a RK 
958 |a SK 
992 |a RBX 
999 |c 2525035  |d 2526965